Score 0/26 Timer 06:00
2 Plays Today
% Correct
Wonder Woman
93.3%
Jumanji: Welcome to the Jungle
91.6%
The Martian
89%
Birdman or (The Unexpected Virtue of Ignorance)
85.8%
Zootopia
85.4%
Paddington
82.3%
Neighbors
79.7%
Kingsman: The Secret Service
77.5%
Dunkirk
76.6%
Captain Phillips
75.8%
The Expendables
74.1%
Argo
72.2%
The Fault in Our Stars
72.1%
% Correct
The Grand Budapest Hotel
68.8%
Silver Linings Playbook
66.7%
xXx: Return of Xander Cage
62.3%
The Imitation Game
62%
Hugo
57.4%
Three Billboards Outside Ebbing, Missouri
55.5%
Rampage
55.4%
Underworld: Awakening
54%
Lady Bird
53%
Veronica Mars
45.1%
Oblivion
39.7%
Your Highness
17.5%
The Queen of Spain
4.9%
Remove Ads.
Support Sporcle.
Get the best of Sporcle when you Go Orange. This ad-free experience offers more features, more stats, and more fun while also helping to support Sporcle. Thank you for becoming a member.

You're not logged in!

Compare scores with friends on all Sporcle quizzes.
OR
Log In

Show Comments

Extras

Top Quizzes Today


Score Distribution

Your Account Isn't Verified!

In order to create a playlist on Sporcle, you need to verify the email address you used during registration. Go to your Sporcle Settings to finish the process.

Report this User

Report this user for behavior that violates our Community Guidelines.

Details: